|
|
|
|
| LEADER |
01786nam a2200433 i 4500 |
| 001 |
38122 |
| 003 |
BD-DhAAL |
| 005 |
20220324104807.0 |
| 008 |
220324t2012 bg 000 0dben d |
| 999 |
|
|
|c 43868
|d 43868
|
| 010 |
|
|
|a 2013317787
|
| 020 |
|
|
|a 9789848975466
|
| 020 |
|
|
|a 9848975462
|
| 025 |
|
|
|a B-B-2013-317787; 13
|
| 035 |
|
|
|a (OCoLC)ocn832335102
|
| 035 |
|
|
|a (OCoLC)832335102
|
| 037 |
|
|
|b Library of Congress -- New Delhi Overseas Office
|
| 040 |
|
|
|a DKAGE
|b eng
|c DKAGE
|d OCLCO
|e rda
|d DLC
|d BD-DhAAL
|
| 041 |
|
|
|a ben
|
| 042 |
|
|
|a lccopycat
|a lcode
|
| 043 |
|
|
|a a-bg---
|
| 050 |
0 |
0 |
|a PK1730.36.K87
|b Z46 2012
|
| 082 |
0 |
4 |
|a 891.4409
|2 23
|
| 100 |
|
|
|a শাকুর, আবদুশ
|9 47350
|
| 245 |
1 |
0 |
|a আবদুশ শাকুরের বয়ান /
|c শ্রোতা স্বকৃত নোমান
|
| 246 |
3 |
1 |
|a Abdus shakoorer boyan
|
| 260 |
|
|
|a ঢাকা :
|b রোদেলা প্রকাশনী,
|c ২০১২.
|
| 264 |
|
2 |
|a Ḍhākā :
|b Rodelā Prakāśanī,
|c 2012.
|
| 300 |
|
|
|a ১৯৯ পৃষ্ঠা ;
|c ২২ সে.মি.
|
| 520 |
|
|
|a Transcripts of interviews by Ābaduśaa Śākura, 20th century Bengali author from Bangladesh.
|
| 541 |
|
|
|a Donated By Akbar Ali Khan
|e 38122
|
| 546 |
|
|
|a In Bengali.
|
| 600 |
1 |
0 |
|a Śākura, Ābaduśa
|v Interviews.
|9 47351
|
| 650 |
|
0 |
|a Authors, Bengali
|y 20th century
|v Interviews.
|9 47352
|
| 650 |
|
0 |
|a Authors, Bengali
|z Bangladesh
|v Interviews.
|9 47353
|
| 700 |
1 |
|
|a Nomāna, Svakr̥ta,
|e interviewer.
|9 47354
|
| 852 |
|
|
|a Ayesha Abed Library
|c Akbar Ali Khan Collection
|
| 942 |
|
|
|2 ddc
|c BK
|
| 952 |
|
|
|0 0
|1 0
|2 ddc
|4 0
|6 891_440900000000000_SHA
|7 1
|9 70257
|a BRACUL
|b BRACUL
|c AAKC
|d 2022-03-24
|e Donated by Akbar Ali Khan
|l 0
|o 891.4409 SHA
|p 3010038122
|r 2022-03-24
|t 1
|w 2022-03-24
|y BK
|